000 00370nam a2200145Ia 4500
008 191206s9999 xx 000 0 und d
020 _a0869752162 (pbk.)
090 _aPR93693545T6
245 0 _aTo Every Birth its Blood
260 _aRaven Press
260 _bStaffrider series ; no. 12
260 _ccc1981
300 _a368 p. ; 19 cm.
999 _c17196
_d17196